Business negotiations with the Japanese

Spremljeno u:
Bibliografski detalji
Glavni autor: Tung, Rosalie L.
Format: Knjiga
Jezik:Undetermined
Izdano: Canada Lexington Books 1984
Teme:
Oznake: Dodaj oznaku
Bez oznaka, Budi prvi tko označuje ovaj zapis!
Thư viện lưu trữ: Trung tâm Học liệu Trường Đại học Cần Thơ
LEADER 00557nam a2200193Ia 4500
001 CTU_87872
008 210402s9999 xx 000 0 und d
082 |a 658.1 
082 |b T926 
100 |a Tung, Rosalie L. 
245 0 |a Business negotiations with the Japanese 
245 0 |c Rosalie L. Tung 
260 |a Canada 
260 |b Lexington Books 
260 |c 1984 
650 |a Commerce,Joint ventures,Negotiation in business 
650 |z Japan,United States 
904 |i Trọng Hiếu 
980 |a Trung tâm Học liệu Trường Đại học Cần Thơ